Managing front office operations (Record no. 17747)
[ view plain ]
| 000 -LEADER | |
|---|---|
| fixed length control field | 00474nam a22001697a 4500 |
| 008 - FIXED-LENGTH DATA ELEMENTS--GENERAL INFORMATION | |
| fixed length control field | 190622b xxu||||| |||| 00| 0 eng d |
| 020 ## - INTERNATIONAL STANDARD BOOK NUMBER | |
| International Standard Book Number | 0866125505 |
| 040 ## - CATALOGING SOURCE | |
| Original cataloging agency | KABU |
| Transcribing agency | KABU |
| 050 ## - LIBRARY OF CONGRESS CALL NUMBER | |
| Classification number | TX911.3 |
| Item number | .K37 2017 c. 1 |
| 100 ## - MAIN ENTRY--PERSONAL NAME | |
| Personal name | Kasavana, michael L. |
| 245 ## - TITLE STATEMENT | |
| Title | Managing front office operations |
| Statement of responsibility, etc. | Michael L. Kasavana |
| 250 ## - EDITION STATEMENT | |
| Edition statement | 10th ed. |
| 260 ## - PUBLICATION, DISTRIBUTION, ETC. (IMPRINT) | |
| Place of publication, distribution, etc. | Michigan |
| Name of publisher, distributor, etc. | AHLEI |
| Date of publication, distribution, etc. | 2017 |
| 300 ## - PHYSICAL DESCRIPTION | |
| Extent | xv, 588 p. |
| 650 ## - SUBJECT ADDED ENTRY--TOPICAL TERM | |
| Topical term or geographic name as entry element | Hotel management |
| 942 ## - ADDED ENTRY ELEMENTS (KOHA) | |
| Source of classification or shelving scheme | Library of Congress Classification |
| Koha item type | General Collection |
| Classification part | TX911.3 |
| Withdrawn status | Lost status | Source of classification or shelving scheme | Not for loan | Home library | Current library | Date acquired | Cost, normal purchase price | Total Checkouts | Full call number | Barcode | Date last seen | Date last checked out | Copy number | Price effective from | Koha item type |
|---|---|---|---|---|---|---|---|---|---|---|---|---|---|---|---|
| Library of Congress Classification | Kabarak, Main Campus | Kabarak, Main Campus | 22/06/2019 | 19501.12 | 1 | TX911.3 .K37 2017 c. 1 | 023445 | 22/11/2022 | 07/11/2022 | c. 1 | 22/06/2019 | General Collection | |||
| Library of Congress Classification | Kabarak, Main Campus | Kabarak, Main Campus | 22/06/2019 | 19501.12 | 2 | TX911.3 .K37 2017 c. 2 | 023447 | 10/11/2022 | 27/10/2022 | c. 2 | 22/06/2019 | General Collection | |||
| Library of Congress Classification | Kabarak, Main Campus | Kabarak, Main Campus | 22/06/2019 | 19501.12 | 2 | TX911.3 .K37 2017 c. 3 | 023448 | 08/12/2020 | 05/12/2020 | c. 3 | 22/06/2019 | General Collection |